000 00747nam a2200265 i 4500
001 15635
003 ES-MaACL
005 20250729063150.0
007 t|
008 000407s2000 sp ||||1| spa d
020 _a84-7880-834-5
080 _a323.17(460)
080 _a946.0
100 1 _aFusi, Juan Pablo,
_d1945-
_953068
245 1 0 _aEspaña
_b: la evolución de la identidad nacional /
_cJuan Pablo Fusi.
250 _a2ª ed.
260 _aMadrid :
_bTemas de Hoy,
_c2000.
300 _a309 p. ;
_c24 cm.
490 1 _aHistoria
650 1 4 _aNacionalismo-
_zEspaña.
_915447
651 4 _aEspaña-
_xHistoria.
_98209
830 0 _aHistoria
_9177536
852 _aES-MaACL
_jL-22679
_bR.128116
999 _c15635
_d15635